Emergency Communications : The Emergency Alert System (EAS) and All-Hazard Warnings.

Examines technology and administration of the Emergency Alert System, which is jointly managed by FEMA and the FCC in cooperation with the National Weather Service. Discusses modifications to the NOAA weather radio all-hazard network, key proposals for change, and recent Congressional legislation. O...

Full description

Bibliographic Details
Corporate Authors: Library of Congress. Congressional Research Service, ProQuest (Firm)
Format: eBook
Language:English
Published: [Place of publication not identified] : [publisher not identified], 2006.
Series:U.S. Congressional Research.
Subjects:
Online Access:Connect to the full text of this electronic book

MARC

Tag First Indicator Second Indicator Subfields
LEADER 00000cam a22000001a 4500
001 in00003325713
006 m d f
007 cr bn mmmapmmp
008 101209s2006 dcu o f000 0 eng d
005 20260430171854.2
035 |a cis2007857073 
040 |a ProQuest  |c ProQuest  |d UtOrBLW 
043 |a n-us--- 
099 |a CRS-2006-RSI-0294 
110 2 |a Library of Congress.  |b Congressional Research Service. 
245 1 0 |a Emergency Communications :  |b The Emergency Alert System (EAS) and All-Hazard Warnings. 
264 1 |a [Place of publication not identified] :  |b [publisher not identified],  |c 2006. 
300 |a 1 online resource. 
336 |a text  |b txt  |2 rdacontent 
337 |a computer  |b c  |2 rdamedia 
338 |a online resource  |b cr  |2 rdacarrier 
500 |a Record is based on bibliographic data in ProQuest U.S. Congressional Research Digital Collection (last viewed Dec. 2010). Reuse except for individual research requires license from ProQuest, LLC. 
500 |a CRS Report. 
520 |a Examines technology and administration of the Emergency Alert System, which is jointly managed by FEMA and the FCC in cooperation with the National Weather Service. Discusses modifications to the NOAA weather radio all-hazard network, key proposals for change, and recent Congressional legislation. Outlines other Federal emergency warning systems. 
500 |a Electronic resource. 
650 0 |a Radio. 
650 0 |a Technological innovations. 
650 0 |a Weather. 
655 7 |a Electronic books.  |2 local 
710 2 |a ProQuest (Firm) 
776 0 8 |i Microfiche version:   |a Library of Congress. Congressional Research Service.  |t Emergency Communications 
830 0 |a U.S. Congressional Research. 
856 4 0 |u http://proxy.library.tamu.edu/login?url=https://congressional.proquest.com/congcomp/getdoc?CRDC-ID=CRS-2006-RSI-0294  |z Connect to the full text of this electronic book  |t 0 
999 |a MARS 
999 f f |s de888e50-56c0-3142-844b-bf72f6fb4fff  |i 5f9af7d5-d496-343a-92dd-6e385f29c2c7  |t 0 
952 f f |a Texas A&M University  |b College Station  |c Electronic Resources  |s www_evans  |d Available Online  |t 0  |e CRS-2006-RSI-0294  |h Other scheme 
998 f f |a CRS-2006-RSI-0294  |t 0  |l Available Online